<?xml version="1.0" encoding="UTF-8"?>
<record
    xmlns:xsi="http://www.w3.org/2001/XMLSchema-instance"
    xsi:schemaLocation="http://www.loc.gov/MARC21/slim http://www.loc.gov/standards/marcxml/schema/MARC21slim.xsd"
    xmlns="http://www.loc.gov/MARC21/slim">

  <leader>02474nam a2200421Ia 4500</leader>
  <controlfield tag="001">dia_7398</controlfield>
  <controlfield tag="003">CHAP</controlfield>
  <controlfield tag="005">20250819095036.0</controlfield>
  <controlfield tag="007">ta</controlfield>
  <controlfield tag="008">220117s2018    mx abo f      001 0 spa d</controlfield>
  <datafield tag="040" ind1=" " ind2=" ">
    <subfield code="c">CHAP</subfield>
    <subfield code="a">mxchpua</subfield>
  </datafield>
  <datafield tag="090" ind1=" " ind2=" ">
    <subfield code="a">T.C.782 </subfield>
    <subfield code="b">O45 SAI </subfield>
    <subfield code="c">2018</subfield>
  </datafield>
  <datafield tag="245" ind1="1" ind2="0">
    <subfield code="a">Hortalizas de exportaci&#xF3;n : </subfield>
    <subfield code="b">jitomate (Lycopersicom esculentum Mill.), pepino (Cucumis sativus) y pimiento (Capsicum annuum) en la regi&#xF3;n noroeste de M&#xE9;xico  /</subfield>
    <subfield code="c">coordinador Romel Olivares Guti&#xE9;rrez ; colaboradores Jes&#xFA;s Ad&#xE1;n Aquino Luis...[y otros]</subfield>
  </datafield>
  <datafield tag="260" ind1=" " ind2=" ">
    <subfield code="a">M&#xE9;xico :</subfield>
    <subfield code="b">El autor,</subfield>
    <subfield code="c">2018</subfield>
  </datafield>
  <datafield tag="300" ind1=" " ind2=" ">
    <subfield code="a">169 p&#xE1;ginas: </subfield>
    <subfield code="b">ilustraciones, tablas, diagramas, mapas, fotos</subfield>
  </datafield>
  <datafield tag="336" ind1=" " ind2=" ">
    <subfield code="2">rdacontent</subfield>
    <subfield code="a">texto</subfield>
    <subfield code="b">txt</subfield>
  </datafield>
  <datafield tag="337" ind1=" " ind2=" ">
    <subfield code="2">rdamedia</subfield>
    <subfield code="a">no mediado</subfield>
    <subfield code="b">n</subfield>
  </datafield>
  <datafield tag="338" ind1=" " ind2=" ">
    <subfield code="2">rdacarrier</subfield>
    <subfield code="a">volumen</subfield>
    <subfield code="b">nc</subfield>
  </datafield>
  <datafield tag="500" ind1=" " ind2=" ">
    <subfield code="a">Grado: 6&#xB0;a&#xF1;o Grupo: 05</subfield>
  </datafield>
  <datafield tag="502" ind1=" " ind2=" ">
    <subfield code="a">Viaje de Estudios </subfield>
    <subfield code="b">(SAI) -- </subfield>
    <subfield code="c">UACh. Departamento de Ingenier&#xED;a Agroindustrial, </subfield>
    <subfield code="d">2018</subfield>
  </datafield>
  <datafield tag="504" ind1=" " ind2=" ">
    <subfield code="a">Bibliograf&#xED;a: p&#xE1;gina154-155</subfield>
  </datafield>
  <datafield tag="505" ind1="0" ind2="0">
    <subfield code="a">Empresas visitadas: </subfield>
    <subfield code="t">1. Agr&#xED;cola Belher --
2. Wholesum Harvest --
3. Eleven Rivers Growers --
4. Confederaci&#xF3;n de Asociaciones Agr&#xED;colas del estado de Sinaloa (CAADES) --
5. Secretar&#xED;a de Agricultura y Ganader&#xED;a --
6. Grupo Empresarial ALFER --
7. Rex Irrigaci&#xF3;n Noroeste --
8. Asociaci&#xF3;n de Agricultores del R&#xED;o Fuerte Sur --
9. Union de Coorporativas Agropecuarias Bioespacio de Etchohuaquila, S. C. de R. L. de C. V. --
10. Agr&#xED;cola Feval, S. A. de C. V. --
11. Hort&#xED;cola Luipack, S. P. R. de R. L. --
13. Asociaci&#xF3;n de productores de hortalizas del Yaqui y Mayo (APHYM) --
14. Fertilizantes Tepeyac --
15. Rex Irrigaci&#xF3;n Sonora --
16. Agro-empresa productos Sn. Rafael</subfield>
  </datafield>
  <datafield tag="650" ind1="1" ind2="3">
    <subfield code="a">Tomate</subfield>
    <subfield code="x">Industria y comercio</subfield>
    <subfield code="9">163302</subfield>
    <subfield code="z">M&#xE9;xico </subfield>
  </datafield>
  <datafield tag="650" ind1="1" ind2="3">
    <subfield code="a">Pepinos</subfield>
    <subfield code="x">Industria y comercio</subfield>
    <subfield code="9">163301</subfield>
    <subfield code="z">M&#xE9;xico  </subfield>
  </datafield>
  <datafield tag="650" ind1="1" ind2="3">
    <subfield code="a">Tomatoes</subfield>
    <subfield code="x">Industry and trade</subfield>
    <subfield code="9">163303</subfield>
    <subfield code="z">Mexico </subfield>
  </datafield>
  <datafield tag="650" ind1="1" ind2="0">
    <subfield code="a">Capsicum annuum</subfield>
    <subfield code="x">Industria y comercio</subfield>
    <subfield code="z">M&#xE9;xico  </subfield>
    <subfield code="9">163298</subfield>
  </datafield>
  <datafield tag="650" ind1="1" ind2="0">
    <subfield code="a">Capsicum annuum</subfield>
    <subfield code="x">Industry and trade</subfield>
    <subfield code="z">Mexico</subfield>
    <subfield code="9">163299</subfield>
  </datafield>
  <datafield tag="650" ind1="1" ind2="3">
    <subfield code="a">Cucumbers</subfield>
    <subfield code="x">Industry and trade </subfield>
    <subfield code="9">163300</subfield>
    <subfield code="z">Mexico  </subfield>
  </datafield>
  <datafield tag="700" ind1="1" ind2=" ">
    <subfield code="a">Olivares Guti&#xE9;rrez, Romel</subfield>
    <subfield code="9">83045</subfield>
    <subfield code="e">coordinador</subfield>
  </datafield>
  <datafield tag="700" ind1="1" ind2=" ">
    <subfield code="a">Aquino Luis, Jes&#xFA;s Ad&#xE1;n</subfield>
    <subfield code="9">150791</subfield>
    <subfield code="e">colaborador</subfield>
  </datafield>
  <datafield tag="856" ind1="4" ind2="1">
    <subfield code="u">http://10.13.5.2/ve/TC782SAI/TC782SAI2018-REPORTE.pdf</subfield>
    <subfield code="y">DESCARGAR REPORTE</subfield>
  </datafield>
  <datafield tag="901" ind1=" " ind2=" ">
    <subfield code="a">T.C.782 O45 SAI 2018</subfield>
  </datafield>
  <datafield tag="902" ind1=" " ind2=" ">
    <subfield code="a">M</subfield>
  </datafield>
  <datafield tag="905" ind1=" " ind2=" ">
    <subfield code="a">5232272018                          MX NDL 8223223322SPA16</subfield>
  </datafield>
  <datafield tag="942" ind1=" " ind2=" ">
    <subfield code="2">local</subfield>
  </datafield>
  <datafield tag="942" ind1=" " ind2=" ">
    <subfield code="c">VE</subfield>
  </datafield>
  <datafield tag="999" ind1=" " ind2=" ">
    <subfield code="c">179053</subfield>
    <subfield code="d">179053</subfield>
  </datafield>
  <datafield tag="952" ind1=" " ind2=" ">
    <subfield code="0">0</subfield>
    <subfield code="1">0</subfield>
    <subfield code="2">local</subfield>
    <subfield code="4">0</subfield>
    <subfield code="5">1</subfield>
    <subfield code="7">0</subfield>
    <subfield code="8">VE</subfield>
    <subfield code="a">IA_</subfield>
    <subfield code="b">IA_</subfield>
    <subfield code="d">2022-01-18</subfield>
    <subfield code="e">El autor</subfield>
    <subfield code="l">0</subfield>
    <subfield code="o">T.C.782 O45 SAI 2018</subfield>
    <subfield code="p">1106011986</subfield>
    <subfield code="r">2022-01-18 00:00:00</subfield>
    <subfield code="t">Ej.2</subfield>
    <subfield code="w">2022-01-18</subfield>
    <subfield code="y">CD</subfield>
  </datafield>
  <datafield tag="952" ind1=" " ind2=" ">
    <subfield code="0">0</subfield>
    <subfield code="1">0</subfield>
    <subfield code="2">local</subfield>
    <subfield code="4">0</subfield>
    <subfield code="5">1</subfield>
    <subfield code="7">0</subfield>
    <subfield code="8">VE</subfield>
    <subfield code="a">IA_</subfield>
    <subfield code="b">IA_</subfield>
    <subfield code="d">2022-01-18</subfield>
    <subfield code="e">El autor</subfield>
    <subfield code="l">0</subfield>
    <subfield code="o">T.C.782 O45 SAI 2018</subfield>
    <subfield code="p">1106011985</subfield>
    <subfield code="r">2026-01-26 00:00:00</subfield>
    <subfield code="t">Ej.1</subfield>
    <subfield code="w">2022-01-18</subfield>
    <subfield code="y">VE</subfield>
  </datafield>
  <datafield tag="952" ind1=" " ind2=" ">
    <subfield code="0">0</subfield>
    <subfield code="1">0</subfield>
    <subfield code="2">local</subfield>
    <subfield code="4">0</subfield>
    <subfield code="7">0</subfield>
    <subfield code="8">VEE</subfield>
    <subfield code="a">IA_</subfield>
    <subfield code="b">IA_</subfield>
    <subfield code="c">E_L</subfield>
    <subfield code="d">2022-01-18</subfield>
    <subfield code="e">El autor</subfield>
    <subfield code="l">0</subfield>
    <subfield code="o">T.C.782 O45 SAI 2018</subfield>
    <subfield code="p">1206011985</subfield>
    <subfield code="r">2024-05-16 00:00:00</subfield>
    <subfield code="w">2024-05-16</subfield>
    <subfield code="y">VEE</subfield>
  </datafield>
</record>
